El constructivismo en el aula

محفوظ في:
التفاصيل البيبلوغرافية
المؤلفون الرئيسيون: Coll, César (مؤلف), Martín, Elena (مؤلف), Mauri, Teresa (مؤلف), Miras, Mariana (مؤلف), Onrubia, Javier (مؤلف), Solé, ISabel (مؤلف), Zabala, Antoni (مؤلف)
التنسيق: كتاب
اللغة:الإسبانية
منشور في: Barcelona Graó 1993
الطبعة:1a. ed
سلاسل:Biblioteca de Aula, 111
الموضوعات:
الوسوم: إضافة وسم
لا توجد وسوم, كن أول من يضع وسما على هذه التسجيلة!

MARC

LEADER 00000cam a2200000 a 4500
001 UCD1242
003 CL-VaPUC
008 160121e19930000sp |||||||||||||||||spa|d
020 |a 9788478271566 
082 0 4 |a 371.3  |b COL  |2 21 
100 0 |a Coll, César  |e author  |9 584335 
700 0 |a Martín, Elena  |e author  |9 584336 
700 0 |a Mauri, Teresa  |e author  |9 584337 
700 0 |a Miras, Mariana  |e author  |9 584338 
700 0 |a Onrubia, Javier  |e author  |9 584339 
700 0 |a Solé, ISabel  |e author  |9 584340 
700 0 |a Zabala, Antoni  |e author  |9 222236 
245 1 3 |a El constructivismo en el aula 
250 |a 1a. ed 
300 |a 183 p 
942 |c BK 
945 |d 20160121 16:41:00  |a dcastane 
260 |a Barcelona  |b Graó  |c 1993 
650 0 |a Métodos de enseñanza  |9 270413 
650 0 |a Constructivismo  |9 268156 
650 7 |a TEORIA DEL APRENDIZAJE  |2 CL-VaPUC  |9 448897 
583 |a last modification  |c 20170905 01:52:07  |k Rodrigo Vera 
490 0 |a Biblioteca de Aula, 111 
999 |c 362621  |d 362619 
952 |0 0  |1 0  |3 erb  |4 0  |6 371_300000000000000_COL_1993  |7 0  |8 R  |9 474000  |a BIBEDU  |b BIBEDU  |c MCIRC  |i 5263018  |o 371.3 COL 1993  |p 5263018  |r 2023-01-13  |w 2019-11-24  |y BK_R  |z Catalogado en:20160121  |k EPE 
952 |0 0  |1 0  |3 erb  |4 0  |6 371_300000000000000_COL_1993  |7 0  |8 R  |9 474001  |a BIBEDU  |b BIBEDU  |i 526300K  |o 371.3 COL 1993  |p 526300K  |r 2023-01-13  |w 2019-11-24  |y BK_R  |z Catalogado en:20160121  |k EPE 
952 |0 0  |1 0  |3 erb  |4 0  |6 371_300000000000000_COL_1993  |7 0  |8 R  |9 474002  |a BIBEDU  |b BIBEDU  |c MCIRC  |i 5262992  |o 371.3 COL 1993  |p 5262992  |r 2023-01-13  |w 2019-11-24  |y BK_R  |z Catalogado en:20160121  |k EPE